000 00710nam a2200253Ia 4500
003 OSt
005 20220926024437.0
006 a|||||r|||| 00| 0
007 ta
008 220923b |||||||| |||| 00| 0 eng d
020 _a0631130179
037 _cGeneral Book
040 _aRTL
_cRTL
_beng
041 _2eng
_aeng
082 _aX93:75.3.N7, M2
100 _aRedwood John
_972725
245 0 _aControlling public industries
260 _aOxford
_bBasil Blackwell U. K.
_c1982
300 _avi, 169p.
_ccm.
650 _aPublic Sector Economics
700 _a Hatch John
_9113808
942 _hX93:75.3.N7, M2
_cGB
_2CC
999 _c644245
_d644245